Statistics for Ancient History by Letter 'F'

Click here to take the quiz!

General Stats

  • This quiz has been taken 1,199 times
  • The average score is 7 of 11

Answer Stats

HintAnswer% Correct
What modern day country did the Romans refer to as Gaul?France
95%
Aesop was know for writing these, but he may have been one himselfFables
83%
Nero did this while Rome burnedFiddle
79%
Roman plaster used for coloring walls (Italian for fresh)Fresco
79%
What does a paleontologist study?Fossils
77%
In Rome, trials ands elections took place hereForum
76%
Crescent shaped region that includes Mesopotamia and PersiaFertile Crescent
60%
Another name for the ColosseumFlavian Amphitheater
57%
The Roman gods of forrest, whose Greek equivalent is PanFaun
46%
Nerva, Trajan, Hadrian, Antonius Pius and Marcus Aurelius are the...Five Good Emperors of Rome
19%
The wives, daughters, sisters and mothers of Roman EmperorsFausta
1%

Score Distribution

Percentile by Number Answered

Percent of People with Each Score

Your Score History

You have not taken this quiz